00775nam a22002057a 450000500170000001000150001702000260003203500130005803700130007108200140008410000250009824500820012326000540020527000640025930000240032350000500034794200280039799900170042595201270044220131217145204.0 aENG-108845 a9789381176696c895.00 aEN-92378 bDBAD/PUB a346.54048 aVenkateswar Rao, G.  aIntellectual property rights :cby G. Venkateswar Raobpatent laws in India / aNew DelhibSSDN Publishers and Distributorsc2013 a5A, Sahni Mansion, Ansari Road DaryaganjbNew Delhie110002 axxi,280p.c22cm(Hb) aIncludes bibliographical references and index 2ddccENmVENh346.54048 c81192d81192 001040718NFICaDBADbDBADd2013-12-17eDBAD/PUBg895.00l0o346.54048 VENpEN-92378r2013-12-17 00:00:00t1v895.00yEN